000 00633nam a2200181 a 4500
001 000043944
005 20201002045046.0
008 140509s1989 ho 000 0 spa d
040 _aDO-SdBNP
_bspa
_cBNPHU
082 _axxxx
_bxxxx
100 1 _aHerrera Cáceres, H. Roberto
_971882
245 1 0 _aDemocracia, desarrollo y paz en Centroamérica :
_b(las cumbres presidenciales) /
_cH. Roberto Herrera Cáceres.
260 _aTegucigalpa, Honduras :
_bGuaymuras,
_c1989.
300 _a86 p. ;
_c21 cm.
490 1 _aCódices
500 _aIncluye referencias bibliográficas y notas al pie de las páginas
830 0 _aCódices
_971883
999 _c43433
_d43433